| 000 | 01087cam a2200337 a 4500 | ||
|---|---|---|---|
| 999 |
_c3000 _d3000 |
||
| 001 | 13208922 | ||
| 003 | GZU | ||
| 005 | 20201112095613.0 | ||
| 008 | 030522s2003 sa b 000 0 eng d | ||
| 010 | _a 2003390733 | ||
| 020 | _a1868882063 | ||
| 035 | _a(CStRLIN)CTYA6180026-B | ||
| 035 | _a(CtY)6180026 | ||
| 040 |
_aY9D _cY9D _dCtY _dDLC |
||
| 042 | _alccopycat | ||
| 043 | _af-sa--- | ||
| 050 | 0 | 0 |
_aJV8825 _b.S65 2003 |
| 082 | 0 | 4 |
_a325.68 _221 |
| 100 | 1 | _aSolomon, Hussein. | |
| 245 | 1 | 0 |
_aOf myths and migration : _billegal immigration into South Africa / _cHussein Solomon. |
| 250 | _a1st ed. | ||
| 260 |
_aPretoria : _bUniversity of South Africa, _cc2003. |
||
| 300 |
_avii, 175 p. ; _c23 cm. |
||
| 504 | _aIncludes bibliographical references (p. [159]-175) | ||
| 650 | 0 |
_aIllegal aliens _zSouth Africa. |
|
| 651 | 0 |
_aSouth Africa _xEmigration and immigration. |
|
| 906 |
_a7 _bcbc _ccopycat _d3 _encip _f20 _gy-gencatlg |
||
| 942 |
_2lcc _cBK _h8825 _iSOL _kJV _m2003 |
||